| 000 | 01000cam a2200289 4500 | ||
|---|---|---|---|
| 001 | 3672603 | ||
| 003 | ARRUPE | ||
| 005 | 20240709110917.0 | ||
| 008 | 700910s1968 enkafg b 000 0 eng | ||
| 010 | _a 77378710 | ||
| 015 | _aB69-01086 | ||
| 020 | _a0713154187 | ||
| 040 |
_aDLC _cDLC _dDLC |
||
| 050 | 0 | 0 | _aPR-109-1 |
| 082 | 0 | 0 | _a821/.4 |
| 245 | 0 | 0 |
_aParadise Lost Books IX-X _c/ John Milton |
| 260 |
_aCambridge _bUniversity of Cambridge _c1973 |
||
| 300 |
_axii, 265 p. _b16 plates, illus., music. _c23 cm. |
||
| 350 | _a63/- | ||
| 500 | _a"Lectures ... delivered at the University of York in 1966 and 1967 to mark the occasion of the 300th anniversary of the publication of Paradise Lost (1667)." | ||
| 504 | _aBibliographical footnotes. | ||
| 600 | 1 | 0 |
_aMilton, John, _d1608-1674. _tParadise Lost. _937541 |
| 650 | 0 |
_aFall of man in literature. _937542 |
|
| 700 |
_aEvans, Martin J. _eed. _937543 |
||
| 906 |
_a7 _bcbc _corignew _du _encip _f19 _gy-gencatlg |
||
| 942 |
_2lcc _cMONOGRAPH |
||
| 999 |
_c127228 _d127228 |
||